000 00359nam a22001337a 4500
008 230620b xxu||||| |||| 00| 0 eng d
082 _a323.03
_bSYM
100 _cJanusz Symonides
245 _aA guide to Human Rights
_bInstitutions, Standards, Procedures
260 _aFrance
_bUNESCO
_c2001
300 _a559p
700 _cVladimir Volodin
942 _2ddc
_cBK
999 _c1820
_d1820